000 00305nam a2200121 a 4500
001 4140
005 20140414131942.0
008 090218s19uu xx 00 eng d
050 _aTR 372.7
_bW55 2006
245 _aWhat is a collection? Act. bk. 2.
440 _aLearning math with Albert
999 _c112620
_d112620